000 00407nam a2200145Ia 4500
008 100204s9999 xx 000 0 und d
082 _b2390
100 _aकीर गिरिजा
245 _aदर्शन
260 _b"हेमचंद्र प्रकाशन , मुंबई"
_c1980
300 _a132
630 _aदर्शन
730 _aदर्शन
942 _cBOOK
999 _c447481
_d447478